| 000 | 00639nam a2200193Ia 4500 | ||
|---|---|---|---|
| 003 | GCL | ||
| 008 | 140319s9999 xx 000 0 ara d | ||
| 040 |
_aGCL / _cGCL |
||
| 082 | 0 | 4 |
_a140 _bم م |
| 100 | 1 | _aمحمد محمد بالروين | |
| 245 | 1 | 0 |
_aمذاهب فلسفية كبرى فى مواجهة بدائل بناء وهدم المحتوى / _cمحمد محمد بالروين |
| 260 |
_aبيروت : _bدار النهضة العربية ، _c1995 |
||
| 300 | _a237 ص | ||
| 490 | _a | ||
| 650 | 0 | 4 | _aالوجودية |
| 650 | 0 | 4 | _aالفلسفة - نظريات |
| 650 | 0 | 4 | _aالفلسفة - مذاهب |
| 942 |
_2ddc _cBK |
||
| 999 |
_c45761 _d45761 |
||